000 00511nam a2200217Ia 4500
003 OSt
005 20140314145033.0
008 140130s9999 xx 000 0 und d
020 _a9780531262368
050 _aRA 1063.4
_b.J69 2007
100 _aJoyce, Jamie
245 _aToe tagged /
_cJamie Joyce.
260 _bScholastic,
_c2007.
_aNew York :
300 _a64 p. :
_bcol. ill. ;
_c23 cm.
440 _v1
521 _aG4
526 _c670
942 _cBK
_2lcc
999 _c40939
_d40939